Cities of the Same Name - Statistics

General Stats
  • This quiz has been taken 157 times
  • The average score is 13 of 21
Answer Stats
City 1 City 2 Answer % Correct
Greece GA, USA Athens
92%
England, UK AL, USA Birmingham
84%
CA, USA Costa Rica San Jose
81%
Russia FL, USA St Petersburg
80%
France TX, USA Paris
74%
Italy GA, USA Rome
72%
WA, Australia Scotland, UK Perth
71%
BC, Canada Seychelles Victoria
71%
England, UK ON, Canada London
68%
VIC, Australia FL, USA Melbourne
67%
Malaysia Guyana Georgetown
63%
Argentina Andalusia, Spain Cordoba
58%
Argentina NM, USA Santa Fe
57%
MD, USA Scotland, UK Aberdeen
56%
OH, USA GA, USA Columbus
56%
TG, India Sindh, Pakistan Hyderabad
56%
NSW, Australia NS, Canada Sydney
56%
Spain OH, USA Toledo
56%
Venezuela Spain Valencia
56%
Hesse, Germany Brandenburg, Germany Frankfurt
41%
England, UK NSW, Australia Newcastle
36%
No matching quizzes found
Score Distribution
Percent of People with Each Score
Percentile by Number Answered
Your Score History
You have not taken this quiz